| 000 | 00602nam a2200181 a 4500 | ||
|---|---|---|---|
| 001 | 000030913 | ||
| 005 | 20200930062603.0 | ||
| 008 | 110606s1948 dr 000 0 spa d | ||
| 100 | 1 |
_aFucik, Julius _957430 |
|
| 245 | 0 |
_aRéportaj nan pié poto pandézon-an / _cJulius Fucik ; prólogo R. Chérilus. |
|
| 260 |
_aSanto Domingo : _bEditora Taller, _c1948. |
||
| 300 |
_a105 p. ; _c23 cm. |
||
| 490 | 1 |
_aBiblioteca Taller _v128 |
|
| 500 | _aIncluye referencias bibliográficas y notas al pie de | ||
| 700 | 1 |
_aChérilus, R. _epról. _957431 |
|
| 830 | 0 |
_aBiblioteca Taller _v128 _9164 |
|
| 999 |
_c30405 _d30405 |
||
| 040 | _aDO-SdBNP | ||